La Revolución como nosotros la vimos /

Educador, historiador, diputado constituyente, senador y revolucionario, Jesús Romero Flores (1885-1987) deja su testimonio escrito sobre el lapso histórico que media entre el porfirismo y la elección de Adolfo de la Huerta como presidente interino en 1920.

I tiakina i:
Ngā taipitopito rārangi puna kōrero
Kaituhi matua: Romero Flores, Jesús (autor)
Hōputu: Pukapuka
Reo:Pāniora
Rangatū:(Biblioteca del Instituto Nacional de Estudios Históricos de la Revolución Mexicana ; 27)
Ngā marau:
Ngā Tūtohu: Tāpirihia he Tūtohu
Kāore He Tūtohu, Me noho koe te mea tuatahi ki te tūtohu i tēnei pūkete!

MARC

LEADER 00000nam^a2200000^a^4500
001 000093925
005 20250521000000.0
009 20260310092816.017
037 |a Acervo ITESO - Biblioteca 
041 |a ESP 
082 |a 972. 061  |b BIB V. 27 
100 |a Romero Flores, Jesús  |e (autor) 
245 1 3 |a La Revolución como nosotros la vimos /  |c J. Romero Flores. 
264 |a México :  |b Instituto Nacional de Estudios Históricos de la Revolución Mexicana,  |c 1963 
300 |a 176 p. 
336 |a texto  |b txt  |2 rdacontenido 
337 |a sin mediación  |b n  |2 rdamedio 
338 |a volumen  |b nc  |2 rdasoporte 
440 1 |a (Biblioteca del Instituto Nacional de Estudios Históricos de la Revolución Mexicana ;  |v 27) 
520 |a Educador, historiador, diputado constituyente, senador y revolucionario, Jesús Romero Flores (1885-1987) deja su testimonio escrito sobre el lapso histórico que media entre el porfirismo y la elección de Adolfo de la Huerta como presidente interino en 1920. 
649 |a XX 
650 |a Revolucionarios Mexicanos -  |x Memorias 
650 |a México -  |x Historia -  |y Porfirismo, 1876-1911 
650 |a México -  |x Historia -  |y Revolución Maderista, 1910-1911 
650 |a México -  |x Historia -  |y Revolución Carrancista y Constitucionalista, 1913-1917 
650 |a México -  |x Historia -  |y Régimen Carrancista, 1917-1920 
650 |a México -  |x Historia -  |y Siglo XX 
650 |a Política -  |z México -  |x Historia 
910 |a Fondo Jesús Rodríguez 
920 |a Impresos - Libros 
930 |a Fondos Especiales 
905 |a 113 
901 |a 0500028490  |b IT2  |c ESP  |u 20250521 
902 |a https://opac.biblio.iteso.mx/vufind/Record/000093925